| 000 | 00833aam a2200325 4500 | ||
|---|---|---|---|
| 005 | 20250612145258.0 | ||
| 008 | 150810b1994 xxu||||| |||| 00| 0 spa d | ||
| 020 | _a9684266227 | ||
| 041 | _aESP | ||
| 082 | _a614.1 K71m | ||
| 100 |
_aKnight, Bernard _910954 |
||
| 245 | _aMedicina Forense de Simpson | ||
| 260 | _aMéxico | ||
| 260 | _bEl Manual Moderno | ||
| 260 | _c1994 | ||
| 300 | _a373 páginas | ||
| 490 | _aInvestigación Criminal | ||
| 650 | _aMEDICINA LEGAL | ||
| 650 | _aMEDICINA FORENSE | ||
| 650 | _aNECROPSIA | ||
| 650 | _aEXHUMACIÓN | ||
| 650 | _aODONTOLOGÍA FORENSE | ||
| 650 | _aARMAS DE FUEGO | ||
| 650 | _aSEXOLOGÍA FORENSE | ||
| 650 | _aNEGLIGENCIA MÉDICA | ||
| 650 | _aMUERTE POR ENVENENAMIENTO | ||
| 650 | _aDEPENDENCIA AL ALCOHOL | ||
| 650 | _aABUSO DE DROGAS | ||
| 942 |
_cBK _2ddc |
||
| 999 |
_c562 _d562 |
||